000 00345 a2200109 4500
001 ART_42586
005 20260410161808.0
008 260409a
245 1 0 _aInformación pública de cesión de créditos fiscales
100 1 _aLorente, Javier A.
773 0 _tDoctrina Societaria y Concursal
_g- Nº 272 (jul. 2010)
_wREV4298
999 _c21163
_d21163